00896naa#a2200193#i#4500001002000000005001700020011001400037100004100051102000700092200018600099210007800285215001100363608004500374675010300419700006000522700005200582700005200634856001600686RU\RIOR\bibl\12628720260629141716.1##a2409-6024##a20260530b2026####ek#y0rusy0150####ca##aRU1#aПРОБЛЕМЫ КАДРОВОГО ОБЕСПЕЧЕНИЯ РЫБОХОЗЯЙСТВЕННОГО КОМПЛЕКСА КАМЧАТСКОГО КРАЯeЖурнальная статья1#aМоскваcООО "Издательский Центр РИОР"d2026##a16 с.##aЖурнальная статья2local##aЭкономика. Народное хозяйство. Экономические науки. 33#1aКравцовgСергей Александрович#1aЕфремовgИван Анатольевич#1aТрубаgАнатолий Сергеевич4#ariorpub.com